Movies Quiz

Random Movies or Actress Quiz

Meryl Streep Movies by Image Quiz Stats

 Plays Quiz Updated Jul 25, 2018

Challenge
Share
Tweet
Score 0/25 Timer 08:00
14 Plays Today
Column Movie % Correct
Column 3The Devil Wears Prada
90%
Column 1Julie & Julia
87%
Column 1The Iron Lady
78.7%
Column 4Mamma Mia!
68.7%
Column 3Fantastic Mr. Fox
63.8%
Column 4Doubt
62.9%
Column 3Kramer vs. Kramer
59.3%
Column 5Sophie's Choice
57.2%
Column 2It's Complicated
54%
Column 4Out of Africa
53.2%
Column 2The Bridges of Madison County
46.3%
Column 5Death Becomes Her
38.7%
Column 5Silkwood
37.8%
Column Movie % Correct
Column 4The Deer Hunter
35.4%
Column 4The River Wild
33%
Column 3The Hours
25.9%
Column 3Adaptation
23.7%
Column 1Postcards from the Edge
23.4%
Column 2The French Lieutenant's Woman
22.6%
Column 2A Cry in the Dark
21.5%
Column 5Music of the Heart
21.2%
Column 1Florence Foster Jenkins
20.9%
Column 5Into the Woods
20.8%
Column 1The Manchurian Candidate
20.6%
Column 2The Post
13.2%

You're not logged in!

Compare scores with friends on all Sporcle quizzes.
Join for Free
OR
Log In

You Might Also Like...

Show Comments

Extras

Top Quizzes Today


Score Distribution

Your Account Isn't Verified!

In order to create a playlist on Sporcle, you need to verify the email address you used during registration. Go to your Sporcle Settings to finish the process.

Report this User

Report this user for behavior that violates our Community Guidelines.

Details: